Detalles MARC
| 000 -Líder |
| campo de control de longitud fija |
04145nam a2200313 a 4500 |
| 001 - Número de Control |
| campo de control |
991017720342407486 |
| 005 - Fecha y Hora de Actualización |
| campo de control |
20260421112304.0 |
| 008 - Longitud Fija |
| campo de control de longitud fija |
250821n ck a gr 000 0 spa d |
| 020 ## - International Standard Book Number |
| ISBN |
9789587362367 |
| 040 ## - Fuente de Catalogación |
| Centro catalogador/agencia de origen |
CO-BoBLA |
| Lengua de catalogación |
Español |
| Centro/agencia transcriptor |
CO-BoBLA |
| Normas de descripción |
rda |
| 041 0# - Idioma |
| Código de lengua del texto/banda sonora o título independiente |
Español |
| 100 ## - Entrada Principal -- Nombre de Persona |
| Nombre de persona |
Durán Ramírez, Felipe. |
| Término indicativo de función/relación |
Autor |
| -- |
Director |
| 9 (RLIN) |
534 |
| 245 10 - Título Propiamente Dicho |
| Título |
Diabetes en gatos / |
| Mención de responsabilidad |
Felipe Durán Ramirez. |
| 264 #1 - Producción, Publicación, Distribución, Fabricación y Copyright |
| Producción, publicación, distribución, fabricación y copyright |
Bogotá : |
| Nombre del de productor, editor, distribuidor, fabricante |
Grupo Latino Editores, |
| Fecha de producción, publicación, distribución, fabricación o copyright |
2025 |
| 300 ## - Descripción Física |
| Extensión |
209 páginas |
| Otras características físicas |
ilustraciones, tablas y fotografías ; |
| Dimensiones |
21 cm. |
| 336 ## - Tipo de Contenido |
| Término de tipo de contenido |
texto |
| Código de tipo de contenido |
texto |
| Fuente |
rdacontent |
| 337 ## - Tipo de Medio |
| Nombre/término del tipo de medio |
sin mediacion |
| Código del tipo de medio |
no mediado |
| Fuente |
rdamedia |
| 338 ## - Tipo de Portador |
| Nombre/término del tipo de soporte |
volumen |
| Código del tipo de soporte |
volumen |
| Fuente |
rdacarrier |
| 504 ## - Nota de Bibliografía |
| Nota de bibliografía, etc. Nota |
Incluye referencias bibliográficas páginas 203-208. |
| 505 ## - Nota de Contenido |
| Nota de contenido con formato |
Contenido. -- Introducción. -- Factores de riesgo. -- Amoloide. -- Glucotoxicidad de la glucosa. -- Lipotoxicidad. -- Concepto simplificado del ciclo glucosa/ ácidos grasos. -- Tipos de diabetes. -- Patogenia de la diabetes mellitus. -- Diagnóstico de la diabetes. -- Insulinemia. -- Fructosamina. -- Pruebas adicionales.-- Tratamiento de la diabetes. --Insulina. -- Insulina para gatos diabéticos. -- Insulina lenta y NPH. -- Insulina PZI (insulina protamina zinc). -- Glargina.--Dosis indicadas. -- Tiempos de acción delas insulinas. -- Insulinoterapia. -- Tratamiento con insulina durante una cirugía. -- Protocolo. -- Cómo y cuándo realizar una curva de glucosa. -- Inyección de insulina. -- Curva ideal. -- ¿´Qué debe obtenerse de una curva de glucosa?. -- Motivos por los cuales una curva puede variar de día en día con la misma dosis. -- Glucómetros que deben usarse para realizar la curva en casa. -- Realización de una curva de glucemia seriada en casa. -- Toma de glucosa utilizando el pabellón auricular. -- Toma de glucosa utilizando la almohadilla plantar. -- Sistema de monitorización continua de glucosa. -- Factores que influyen positivamente en la posibilidad de una remisión. -- ¿Hasta cuándo se puede alcanzar la remisión?. -- Tipos de insulinas. --Concentración de la insulina. -- Corrección o control de la resistencia a la insulina. -- Resistencia a la insulina. -- Complicaciones del tratamiento con insulina. -- Hipoglucemia. -- Hipoglucemiantes orales. -- Tipos de drogas hipoglucemiantes. --Hiperglucemia. -- Estrés hiperglucémico. -- Sobredosis de insulina. -- Subdosis de insulina. --Efecto Somogyi. -- Efecto "luna de miel" de la insulina. --Absorción inadecuada de insulina. -- Fracaso en la estabilización con la insulina. -- Control de la diabetes. -- Manejo nutricional Ajustes en la dieta del gato diabético. -- Comida casera para gatos diabéticos. --Los hidratos de carbono limite. -- Aumentar las proteínas. -- Incluir fibra en sus alimentos. -- Utilizar ingredientes frescos. -- Alimentos orgánicos para los gatos diabéticos. -- La comida seca. -- Elección entre dieta húmeda o seca. -- Cuántas veces debe alimentarse al gato diabético. -- Realización de ejercicio. -- Complicaciones crónicas |
| 520 ## - Nota de Resumen |
| Sumario, etc. |
Esta obra técnica proporciona un análisis detallado sobre la fisiopatología, el diagnóstico y el tratamiento de la diabetes mellitus en la especie felina. El texto aborda de manera sistemática los factores de riesgo (como la obesidad y el sedentarismo), la interpretación de pruebas de laboratorio para el control de la glucemia y las últimas tendencias en protocolos de insulinoterapia. Además, dedica secciones fundamentales al manejo nutricional específico y a la educación del propietario para el monitoreo en casa, con el objetivo de lograr la remisión diabética o mejorar la calidad de vida del paciente crónico. Es un recurso de consulta esencial para profesionales y estudiantes de medicina veterinaria enfocados en la endocrinología felina. |
| 598 ## - Programas Académicos |
| Programas Académicos |
Medicina Veterinaria |
| 082 04 - Número de Clasificación Decimal Dewey |
| Número de clasificación |
636.08964/ |
| Número de ítem |
D948d |
| 650 #7 - Punto de Acceso Adicional -- Materia general |
| Término de materia o nombre geográfico como elemento de entrada |
Enfermedades de los gatos |
| Subdivisión general |
Diagnóstico y tratamiento. |
| Fuente del encabezamiento o término |
BLAAUTO |
| 650 #0 - Punto de Acceso Adicional -- Materia general |
| Término de materia o nombre geográfico como elemento de entrada |
Medicina veterinaria |
| Subdivisión general |
Diagnostico y tratamiento |
| Fuente del encabezamiento o término |
BLAAUTO |
| 650 #0 - Punto de Acceso Adicional -- Materia general |
| Término de materia o nombre geográfico como elemento de entrada |
Salud animal |
| Subdivisión general |
Diagnostico y tratamiento |
| Fuente del encabezamiento o término |
BLAAUTO |
| 650 #0 - Punto de Acceso Adicional -- Materia general |
| Término de materia o nombre geográfico como elemento de entrada |
Diabetes en los gatos |
| Subdivisión general |
Diagnostico y tratamiento |
| Fuente del encabezamiento o término |
BLAAUTO |
| 942 ## - Punto de Acceso Adicional Koha |
| Tipo de ítem Koha |
Libro general |
| Suprimir en OPAC |
No |